01421cam a22003617i 450000100090000000300090000900500170001800800410003502000220007602000250009804000430012308200260016610000460019224501400023826400440037826400100042230000650043233600260049733700280052333800270055150000210057863000350059963000410063465000510067565000360072665100100076265300360077265500170080870000280082594200300085399900170088395201590090015865495EG-ScBUE20230220054857.0090812t2009 cauko f 001 0 eng d a0321410211 (pbk.) a9780321410214 (pbk.) aUKMbengerdacUKMdEG-ScBUEdEG-ScBUE04a775.02856686bTHR2221 aThreinen-Pendarvis, Cher,eauthor.93917310aBeyond digital photography :btransforming photos into fine art with photoshop and painter /cCher Threinen-Pendarvis and Donal Jolley. 1aBerkeley, CA :bPeachpit Press,c[2009] 4cc2009 axv, 240 pages :bforms (color), photographs (color) ;c24 cm 2rdacontentatextbtxt 2rdamediaaunmediatedbn 2rdacarrieravolumebnc aIncludes index. 07aAdobe Photoshop.2BUEsh93702507aCorel Painter (Computer file)2BUEsh 7aPhotographyxDigital techniques.2BUEsh937027 7aPhotographyxRetouching.2BUEsh 2BUEsh bCOMAMEcAugust2015cJanuary2016 vReading book1 aJolley, Donal,eauthor. 2ddck775.02856686 THRcBB c20485d20457 00102ddc40708BaccahaMAINbMAINc2NDd2015-08-09ePurchaseg360.00h21763l2o775.02856686 THRp000030797r2025-07-15 00:00:00s2019-10-20v450.00yBB